Statistics for "Abbreviations" with Numbers

Click here to take the quiz!

General Stats

  • This quiz has been taken 100 times
    (92 since last reset)
  • The average score is 9 of 19

Answer Stats

Abbreviation Word(s) % Correct
12MOTY12 Months of the Year
80%
7DIAW7 Days In A Week
79%
365DIAY365 Days in a Year
75%
52WIAY52 Weeks in a Year
72%
60SIAM60 Seconds in a Minute
70%
NESWNorth East South West
69%
24HIAD24 Hours In A Day
68%
60MIAH60 Minutes in an Hour
65%
100YIAC100 Years in a Century
63%
10YIAD10 Years in a Decade
58%
4SIAY4 Seasons in a Year
46%
7WOTW7 Wonders of the World
45%
1000YIAM1000 Years in a Millennium
34%
18HIAGC18 Holes in a Golf Course
32%
12IIAF12 Inches in a Foot
27%
3FIAY3 Feet in a Yard
24%
12IAD12 in a Dozen
18%
4DIF4 Downs in Football
4%
3SIB3 Strikes in Baseball
4%

Score Distribution

Percentile by Number Answered

Percent of People with Each Score

Your Score History

You have not taken this quiz since the last reset